Guide to competitive bidding on construction projects in labour- abundant economies (Record no. 546676)

000 -LEADER
fixed length control field 00391nam a22001217a 4500
082 ## - DEWEY DECIMAL CLASSIFICATION NUMBER
Classification number 624.0685
Author Mark GUI
-- D
245 ## - TITLE STATEMENT
Title Guide to competitive bidding on construction projects in labour- abundant economies
260 ## - PUBLICATION, DISTRIBUTION, ETC.
Place of publication, distribution, etc. Washington
Name of publisher, distributor, etc. The World Bank
Date of publication, distribution, etc. 1978.
300 ## - PHYSICAL DESCRIPTION
Extent various pages
Other physical details ill.;
Dimensions 26cm.
526 ## - STUDY PROGRAM INFORMATION NOTE
Program name 0
Interest level 0
Reading level 0
Title point value 624_068500000000000_GUI
650 ## - SUBJECT ADDED ENTRY--TOPICAL TERM
Topical term or geographic name entry element NUST / MCE
9 (RLIN) 26909
942 ## - ADDED ENTRY ELEMENTS (KOHA)
Source of classification or shelving scheme
Koha item type Book
Holdings
Withdrawn status Lost status Source of classification or shelving scheme Damaged status Not for loan Permanent Location Current Location Date acquired Total Checkouts Full call number Barcode Date last seen Price effective from Koha item type
          Military College of Engineering (MCE) Military College of Engineering (MCE) 06/17/2014   624.0685 GUI MCE-42434 06/17/2014 06/17/2014 Book
© 2023 Central Library, National University of Sciences and Technology. All Rights Reserved.